| 000 | 00952cad a22002295a 4500 | ||
|---|---|---|---|
| 001 | E146821 | ||
| 008 | 090303s2008 xxk f 000 0 eng d | ||
| 035 | _a(Sirsi) u146821 | ||
| 041 | 0 | _aeng | |
| 050 | 0 | 4 | _a306.1 $2 18 |
| 110 | 2 | _aCIH Scotland | |
| 245 | 0 | 0 |
_aHousing in Scotland _bpromoting the green agenda _h[electronic resource] |
| 260 |
_aEdinburgh _bCIH Scotland _c[2008] |
||
| 490 | 0 | _aCIH Scotland Briefing | |
| 520 | _aSets out information on policies and targets in relation to the energy efficiency of housing, and discusses the part which the housing sector can play in tackling energy consumption and carbon emissions. | ||
| 521 | _aAdvanced | ||
| 590 | _aKA | ||
| 651 | 4 |
_aScotland _y1999- |
|
| 690 | _aENVIRONMENTAL AND LAND CONSULTANCY-ENERGY-ENERGY USE-ENERGY EFFICIENCY | ||
| 856 | 4 | 0 |
_uhttps://www.cih.org/scotland/policy/energy-efficiency-apr08.pdf _zView the report free of charge at www.cih.org/scotland... |
| 942 | _n0 | ||
| 999 |
_c109306 _d109306 |
||